Catálogo
 En Linea

El consejo económico y social ; Génesis constituyente y parlamentaria / (Registro nro. 48889)

Detalles MARC
000 -CABECERA
campo de control de longitud fija 00790nam a22002537a 4500
003 - IDENTIFICADOR DEL NÚMERO DE CONTROL
campo de control DO-SdBNP
005 - FECHA Y HORA DE LA ÚLTIMA TRANSACCIÓN
campo de control 20250617125047.0
008 - DATOS DE LONGITUD FIJA--INFORMACIÓN GENERAL
campo de control de longitud fija 201015b1999 sp 00| 0 eng d
040 ## - FUENTE DE LA CATALOGACIÓN
Centro catalogador/agencia de origen DO-SdBNP
Lengua de catalogación spa
Centro/agencia transcriptor BNPHU
082 ## - NÚMERO DE LA CLASIFICACIÓN DECIMAL DEWEY
Número de edición
Número de clasificación xx
Número de documento/Ítem G216c
100 1# - ENTRADA PRINCIPAL--NOMBRE DE PERSONA
Nombre de persona García Ruiz, J. Luiz
9 (RLIN) 76904
245 13 - MENCIÓN DE TÍTULO
Título El consejo económico y social ; Génesis constituyente y parlamentaria /
Mención de responsabilidad, etc. J.Luis García Ruiz
246 13 - FORMA VARIANTE DE TÍTULO
Título propio/Titulo breve Génesis constituyente y parlamentaria
250 ## - MENCIÓN DE EDICIÓN
Mención de edición 3a. ed.
260 ## - PUBLICACIÓN, DISTRIBUCIÓN, ETC.
Lugar de publicación, distribución, etc. Madrid :
Nombre del editor, distribuidor, etc. Consejo Economico y Social
Fecha de publicación, distribución, etc. 1999
300 ## - DESCRIPCIÓN FÍSICA
Extensión 179 p.
Dimensiones 24 cm.
490 ## - MENCIÓN DE SERIE
Mención de serie Estudio
Designación de volumen o secuencia 6
504 ## - NOTA DE BIBLIOGRAFÍA, ETC.
Nota de bibliografía, etc. Bibliografía : p. 170-174
590 ## - NOTA LOCAL (RLIN)
Nota local Inventariado.2020/VM
740 14 - PUNTO DE ACCESO ADICIONAL--TÍTULO RELACIONADO O ANALÍTICO NO CONTROLADO
Título relacionado o analítico no controlado Génesis constituyente y parlamentaria
830 ## - PUNTO DE ACCESO ADICIONAL DE SERIE-TÍTULO UNIFORME
Título uniforme Estudio
Número de parte o sección de la obra 6
9 (RLIN) 53868
942 ## - ELEMENTOS DE PUNTO DE ACCESO ADICIONAL (KOHA)
Fuente del sistema de clasificación o colocación Dewey Decimal Classification
Tipo de ítem Koha Libro
956 ## - LOCALIZACIÓN Y ACCESO ELECTRÓNICOS LOCAL (OCLC)
Nombre del host VMateo
Existencias
Estado de retiro Estado de pérdida Fuente del sistema de clasificación o colocación No para préstamo Localización permanente Ubicación/localización actual Fecha de adquisición Fuente de adquisición Total de préstamos Signatura topográfica completa Código de barras Fecha visto por última vez Precio válido a partir de Tipo de ítem Koha Número de copia
    Dewey Decimal Classification Préstamo en sala Biblioteca Nacional Pedro Henríquez Ureña General 15.10.2020 Copardom   xx G216c 2020-0160 15.10.2020 15.10.2020 Libro  
    Dewey Decimal Classification Préstamo en sala Biblioteca Nacional Pedro Henríquez Ureña General 15.10.2020 Copardom   xx G216c 2020-0161 15.10.2020 15.10.2020 Libro e.2

Con tecnología Koha